000 00322nam a2200145Ia 4500
008 090124s9999 xx 000 0 und d
082 _b401979
245 _a उमज
250 _a1
260 _bदेवधर स.कृ.
_c1986
300 _a80
630 _a उमज
730 _a उमज
942 _cBOOK
999 _c198439
_d198439